Entry Personal Name
Number of records used in: 1
001 - CONTROL NUMBER
003 - CONTROL NUMBER IDENTIFIER
005 - DATE AND TIME OF LATEST TRANSACTION
- control field:
20230920135524.0
008 - FIXED-LENGTH DATA ELEMENTS
- fixed length control field:
800812n| azannaabn |a aaa
010 ## - LIBRARY OF CONGRESS CONTROL NUMBER
- LC control number:
n 50047292
035 ## - SYSTEM CONTROL NUMBER
- System control number:
(OCoLC)oca00082378
040 ## - CATALOGING SOURCE
- Original cataloging agency:
DLC
- Language of cataloging:
eng
- Description conventions:
rda
- Transcribing agency:
DLC
- Modifying agency:
OCoLC
- Modifying agency:
InU
046 ## - SPECIAL CODED DATES
- Birth date:
1885
- Death date:
1952
100 1# - HEADING--PERSONAL NAME
- Personal name:
Dasgupta, Surendranath,
- Dates associated with a name:
1885-1952
400 0# - SEE FROM TRACING--PERSONAL NAME
- Personal name:
Surendranātha Dāsa-gupta,
- Dates associated with a name:
1885-1952
400 1# - SEE FROM TRACING--PERSONAL NAME
- Control subfield:
nna
- Personal name:
Dasgupta, Surendra Nath,
- Dates associated with a name:
1885-1952
400 0# - SEE FROM TRACING--PERSONAL NAME
- Personal name:
Surendra Nath Dasgupta,
- Dates associated with a name:
1885-1952
400 0# - SEE FROM TRACING--PERSONAL NAME
- Personal name:
Surendranath Dasgupta,
- Dates associated with a name:
1885-1952
400 1# - SEE FROM TRACING--PERSONAL NAME
- Personal name:
Dāsa-gupta, Surendranātha,
- Dates associated with a name:
1885-1952
400 1# - SEE FROM TRACING--PERSONAL NAME
- Personal name:
Gupta, Surendra Nath Das,
- Dates associated with a name:
1885-1952
670 ## - SOURCE DATA FOUND
- Source citation:
Author's A history of Indian philosophy, 1922.
670 ## - SOURCE DATA FOUND
- Source citation:
His Philosophical essays, 1982:
- Information found:
t.p. (Surendranath Dasgupta) cover (Surendra Nath Das Gupta)